| 000 | 00853nam a2200241Ia 4500 | ||
|---|---|---|---|
| 005 | 20251020182617.0 | ||
| 008 | 200515s9999 xx 000 0 und d | ||
| 082 | _aSC/696.1/M22 | ||
| 100 | _aMANLY, H. P. | ||
| 245 | 0 | _aManual del plomero fontanero : instalaciones sanitarias domésticas | |
| 250 | _a2a ed. | ||
| 260 | _aBarcelona | ||
| 260 | _c1969 | ||
| 300 | _a262 | ||
| 520 | _aManual válido principalmente para residencias, pequeños edificios, pequeños establecimientos, oficinas y tiendas. El objetivo es permitir al poseedor de este libro el instalar sistemas de fontanería con la menor cantidad posible de mano de obra y los míni | ||
| 650 | _aABASTECIMIENTO DE AGUA | ||
| 650 | _aAPARATOS SANITARIOS | ||
| 650 | _aBOMBAS | ||
| 650 | _aINSTALACIONES SANITARIAS | ||
| 650 | _aMANUALES | ||
| 650 | _aTUBERIAS | ||
| 942 | _cLIB | ||
| 999 |
_c3544 _d3544 |
||